| 000 | 00836nmc a2200301 a 4500 | ||
|---|---|---|---|
| 003 | AR-BaBNM | ||
| 005 | 20251128211027.0 | ||
| 008 | 012120s2001 ||||||||||||||000 | spa|| | ||
| 020 | _a950-12-6516-1 | ||
| 040 | _cAR-BaBNM | ||
| 100 | 1 |
_aWilliams, Raymond _d1921-1988 |
|
| 245 | 1 | 0 | _aEl campo y la ciudad |
| 260 |
_aBuenos Aires _bPaidós _c2001 |
||
| 300 | 0 | _a411 p. | |
| 490 | 0 |
_aEspacios del saber _v16 |
|
| 500 | 0 | _aContiene: índice analítico en p.405 | |
| 504 | _aContiene: bibliografía en p. 395 | ||
| 650 | 4 | _aSOCIOLOGIA CULTURAL | |
| 650 | 4 | _aSOCIOLOGIA RURAL | |
| 650 | 4 | _aESTUDIOS CULTURALES | |
| 650 | 4 | _aSOCIOLOGIA URBANA | |
| 650 | 4 | _aCRITICA LITERARIA | |
| 651 | 4 | _aGran Bretaña | |
| 700 | 1 |
_aSarlo, Beatriz _eprologuista |
|
| 700 | 1 |
_aBixio, Alcira _etraductor |
|
| 942 | _cBK | ||
| 998 | _cmariana | ||
| 999 |
_c17955 _d17955 |
||